| 000 | 01041cam a22003135a 4500 | ||
|---|---|---|---|
| 999 |
_c26098 _d26070 |
||
| 001 | 017516102 | ||
| 003 | EG-ScBUE | ||
| 005 | 20210527141340.0 | ||
| 008 | 150824n19uu xx f 000 j eng d | ||
| 040 |
_aStDuBDS _beng _erda _cStDuBDS _dEG-ScBUE |
||
| 082 | 0 | 4 |
_a813.54 _bOBR _222 |
| 100 | 1 |
_aO'Brien, Tim, _d1946- _eauthor. |
|
| 245 | 1 | 4 |
_aThe things they carried / _cTim O'Brien. |
| 264 | 1 |
_a[Place of publication not identified] : _b[publisher not identified], _c[19--] |
|
| 300 |
_a333 pages ; _c24 cm |
||
| 336 |
_2rdacontent _atext _btxt |
||
| 337 |
_2rdamedia _aunmediated _bn |
||
| 338 |
_2rdacarrier _avolume _bnc |
||
| 500 | _aIncludes glossary. | ||
| 546 | _aIn English ; summary in English. | ||
| 650 | 7 |
_aVietnam War, 1961-1975 _xVeterans _vFiction. _2BUEsh |
|
| 650 | 7 |
_aVietnam War, 1961-1975 _vFiction. _2BUEsh |
|
| 650 | 7 |
_aPsychological fiction, American. _2BUEsh |
|
| 651 | _2BUEsh | ||
| 653 |
_bHHUUEENN _bGGEN _cFebruary2018 |
||
| 655 |
_vReading book _934232 |
||
| 942 |
_2ddc _cBB |
||